[Event "San Francisco TNM Summer op"]
[Site "San Francisco"]
[Date "2012.06.05"]
[Round "3"]
[White "Graeber, Marie"]
[Black "Lavin, Michael"]
[Result "1-0"]
[WhiteElo "1424"]
[BlackElo "1701"]
[PlyCount "61"]
[EventDate "2012.05.22"]
[EventType "swiss"]
[EventRounds "8"]
[EventCountry "USA"]
[SourceTitle "EXT 2014"]
[Source "ChessBase"]
[SourceDate "2013.11.20"]
[SourceVersion "1"]
[SourceVersionDate "2013.11.20"]
[SourceQuality "1"]

1. d4 f5 2. Nf3 Nf6 3. b3 e6 4. Bb2 Be7 5. Nbd2 0-0 6. e3 b6 7. Bd3 Bb7 8. Qe2 Nc6 9. a3 Qe8 10. Ne5 d6 11. Nxc6 Bxc6 12. e4 fxe4 13. Nxe4 Nxe4 14. Bxe4 Bxe4 15. Qxe4 Bg5 16. 0-0 Rf4 17. Qe2 Qg6 18. Rad1 Raf8 19. f3 Bh6 20. Bc1 R4f5 21. Bxh6 Qxh6 22. Rde1 e5 23. dxe5 Rxe5 24. Qc4+ Kh8 25. Rxe5 dxe5 26. Qxc7 Qe3+ 27. Kh1 Qd4 28. h3 h6 29. Qxa7 Rd8 30. Qa6 Qd7 31. Qxb6 1-0